Аппараты и методы внешней фиксации в травматологии и ортопедии (Запись № 13736845)

Подробности
000 -МАРКЕР
контрольное поле 01592nam1a22002771 4500
001 - ИДЕНТИФИКАТОР ЗАПИСИ
контрольное поле rc\682496
005 - ИДЕНТИФИКАТОР ВЕРСИИ
контрольное поле 20260623072749.0
035 ## - ДРУГИЕ СИСТЕМНЫЕ НОМЕРА
Идентификатор записи (NLR Aleph) 008747381
100 ## - ДАННЫЕ ОБЩЕЙ ОБРАБОТКИ
Данные общей обработки 20031121g19859999u |0rusy50 ca
101 0# - ЯЗЫК РЕСУРСА
Язык текста, звукозаписи и т.д. русский
102 ## - СТРАНА ПУБЛИКАЦИИ ИЛИ ПРОИЗВОДСТВА
Страна публикации Латвия
105 ## - ПОЛЕ КОДИРОВАННЫХ ДАННЫХ: ТЕКСТОВЫЕ МАТЕРИАЛЫ, МОНОГРАФИЧЕСКИЕ
Кодированные данные о монографическом текстовом документе y |||||||||
200 1# - ЗАГЛАВИЕ И СВЕДЕНИЯ ОБ ОТВЕТСТВЕННОСТИ
Основное заглавие Аппараты и методы внешней фиксации в травматологии и ортопедии
Параллельное заглавие External fixation apparatus and methods in traumatology and orthopaedics
Сведения, относящиеся к заглавию Материалы II Междунар. семинара по усоверш. аппаратов и методов внеш. фиксации
-- В 3-х т.
Первые сведения об ответственности [Редкол.: В.К. Калнберз (отв. ред.) и др.]
210 ## - ПУБЛИКАЦИЯ, РАСПРОСТРАНЕНИЕ И ДР.
Место издания, распространения и т.д. Рига
Имя издателя, распространителя и т. д. Б. и.
Дата издания, распространения и т.д. 1985-
215 ## - ФИЗИЧЕСКАЯ ХАРАКТЕРИСТИКА
Размеры 20
300 ## - ОБЩИЕ ПРИМЕЧАНИЯ
Текст примечания В надзаг.: М-во здравоохранения СССР, М-во здравоохранения ЛатвССР, Науч. совет по пробл. биомеханики АН СССР, Латв. НИИ травматологии и ортопедии
510 0# - ПАРАЛЛЕЛЬНОЕ ЗАГЛАВИЕ
Параллельное заглавие External fixation apparatus and methods in traumatology and orthopaedics
702 #1 - ИМЯ ЛИЦА - ВТОРИЧНАЯ ОТВЕТСТВЕННОСТЬ
Начальный элемент ввода Калнберз
Часть имени, кроме начального элемента ввода В. К.
Расширение инициалов личного имени Виктор Константинович
Код отношения Редактор
712 12 - НАИМЕНОВАНИЕ ОРГАНИЗАЦИИ - ВТОРИЧНАЯ ОТВЕТСТВЕННОСТЬ
Начальный элемент ввода Международный семинар по усовершенствованию аппаратов и методов внешней фиксации
Порядковый номер временной организации и / или порядковый номер ее части 2
Дата проведения временной организации 1985
Место проведения временной организации Рига
801 #0 - ИСТОЧНИК ЗАПИСИ
Страна Российская Федерация
Организация NLR
Правила каталогизации psbo
801 #1 - ИСТОЧНИК ЗАПИСИ
Страна Российская Федерация
Организация ELAR
Источник данных rusmarc
801 #2 - ИСТОЧНИК ЗАПИСИ
Страна Российская Федерация
Организация NLR
Дата составления 20040512
Источник данных rusmarc
852 ## - МЕСТОНАХОЖДЕНИЕ И ШИФР ХРАНЕНИЯ
Идентификатор организации NLR
Шифр хранения (Call Number) 85-3/8101
942 ## - ДОПОЛНИТЕЛЬНЫЕ ЭЛЕМЕНТЫ ЗАПИСИ (АБИС)
Тип экземпляра АБИС Книга
980 ## - КОЛЛЕКЦИЯ
Название коллекции Национальная библиография

Нет доступных экземпляров.